[Event "Faxe Dags op"]
[Site "Faxe"]
[Date "2016.04.20"]
[Round "4"]
[White "Refsgaard, Kaj"]
[Black "Jacobsen, Knud"]
[Result "1-0"]
[WhiteElo "1666"]
[BlackElo "1038"]
[PlyCount "49"]
[EventDate "2016.03.30"]
[EventType "swiss"]
[EventRounds "7"]
[EventCountry "DEN"]
[SourceTitle "EXT 2021"]
[Source "ChessBase"]
[SourceDate "2020.10.23"]
[SourceVersion "1"]
[SourceVersionDate "2020.10.23"]
[SourceQuality "1"]

1. d4 d5 2. Bf4 Nf6 3. e3 e6 4. Bd3 Be7 5. Nd2 0-0 6. Rc1 Nbd7 7. Ngf3 Ne4 8. Nxe4 dxe4 9. Bxe4 Nf6 10. Bd3 Bd7 11. Ne5 Re8 12. Qf3 c6 13. 0-0 g6 14. Bg5 Rc8 15. Bxf6 Bxf6 16. Nxd7 Kg7 17. Qxf6+ Qxf6 18. Nxf6 Kxf6 19. c3 c5 20. Be4 Rc7 21. dxc5 Rb8 22. b4 Ra8 23. Rfd1 a5 24. a3 axb4 25. axb4 1-0